Представление документа в формате RUSMARC

ПолеНазваниеЗначение
  Тип записи a
  Библиографический уровень m
001 Контрольный номер RU/УОНБ/EK/342793895
005 Дата корректировки 20250520122029.3
100 Данные общей обработки __
a Данные общей обработки 20101111d2006 ||||0rusy0189||||ca
101 Язык документа 0_
a Язык текста rus
102 Страна публикации __
a Страна публикации RU
105 Кодированные данные (монография) __
a Кодированные данные (монография) a z 000yc
200 Заглавие и сведения об ответственности 1_
a Заглавие Московская консерватория
e Сведения, относящиеся к заглавию материалы и документы из фондов МГК им. П.И. Чайковского и ГЦММК им. М.И. Глинки
e Сведения, относящиеся к заглавию [в 2 т.]
f Первые сведения об ответственности Моск. гос. консерватория им. П.И. Чайковского [и др.]
210 Выходные данные 1_
a Место издания Москва
c Издательство Прогресс-Традиция
d Дата издания 2006 -
215 Физическое описание __
d Формат 28 см
225 Серия 1_
a Серия Издательская программа Правительства Москвы
300 Общие примечания __
a Общие примечания 140-летию Московской консерватории посвящается
712 Наименование организации (Вторичная ответственность) 02
a Организация/ юрисдикция Московская государственная консерватория им. П.И. Чайковского
4 Код отношения 570
712 Наименование организации (Вторичная ответственность) 02
a Организация/ юрисдикция Государственный центральный музей музыкальной культуры им. М.И. Глинки
4 Код отношения 570
801 Источник записи _0
a Страна RU
b Организация Ульяновская ОНБ
c Дата составления 20101111
g Правила каталогизации RCR
801 Источник записи _1
a Страна RU
b Организация Ульяновская ОНБ
c Дата составления 20101111
g Правила каталогизации RCR
901 Тип документа __
t Тип документа v
938 Служебная информация __
a Имя БД books
b Имя библиотеки УОНБ
c Имя АИБС МАРК-SQL
d Номер DOC_ID в БД 258630